ARRUPE JESUIT UNIVERSITY

CORONAVIRUS -STOP THE SPREAD - CLEAN,DISINFECT,COVER

Education in Afrca (Record no. 154)

MARC details
000 -LEADER
fixed length control field 00598nam a2200229Ia 4500
003 - CONTROL NUMBER IDENTIFIER
control field 0100
008 - FIXED-LENGTH DATA ELEMENTS--GENERAL INFORMATION
fixed length control field 130227s9999 xx 000 0 und d
040 ## - CATALOGING SOURCE
Transcribing agency ARRUPELIB
050 ## - LIBRARY OF CONGRESS CALL NUMBER
Classification number LA1501.P541
100 ## - MAIN ENTRY--PERSONAL NAME
Personal name Phelps-Stokes Fund
245 ## - TITLE STATEMENT
Title Education in Afrca
245 ## - TITLE STATEMENT
Remainder of title A study of West, South, and Equatorial Africa
260 ## - PUBLICATION, DISTRIBUTION, ETC. (IMPRINT)
Place of publication, distribution, etc New York
260 ## - PUBLICATION, DISTRIBUTION, ETC. (IMPRINT)
Name of publisher, distributor, etc Phelps-Stokes Fund
260 ## - PUBLICATION, DISTRIBUTION, ETC. (IMPRINT)
-- 1922
300 ## - PHYSICAL DESCRIPTION
Extent xxviii
300 ## - PHYSICAL DESCRIPTION
Other physical details 323p 25cm
650 ## - SUBJECT ADDED ENTRY--TOPICAL TERM
Topical term following geographic name as entry element Africa, Sub - Saharan - Religion
650 ## - SUBJECT ADDED ENTRY--TOPICAL TERM
Location of event Ethics - Africa, Sub-Saharan
700 ## - ADDED ENTRY--PERSONAL NAME
Personal name Jones, Thomas Jesse (ed)
942 ## - ADDED ENTRY ELEMENTS (KOHA)
Source of classification or shelving scheme Library of Congress Classification
Koha issues (borrowed), all copies 5
Holdings
Withdrawn status Lost status Source of classification or shelving scheme Damaged status Not for loan Collection code Home library Current library Shelving location Date acquired Total Checkouts Full call number Barcode Date last seen Date last borrowed Copy number Price effective from Koha item type
    Library of Congress Classification     Main Collection ARRUPE LIBRARY ARRUPE LIBRARY   27/02/2013 6 LA1501.P541 46400433 28/06/2018 10/10/2017 1 27/02/2013 Monograph ( Printed materials)

 

Arrupe Library. PO Box MP320 Mt Pleasant, Harare, Zimbabwe
263 242 745411|librarian@aju.ac.zw